Statistics for Famous soccer player pictures

Click here to take the quiz!

General Stats

  • This quiz has been taken 112 times
  • The average score is 8 of 20

Answer Stats

Answer% Correct
Eusebio
80%
Roy Keane
72%
Michel Platini
67%
George Weah
64%
Carlos Valderrama
55%
Marco van Basten
55%
Michael Laudrup
51%
Dino Zoff
47%
Henrik Larsson
47%
Gheorge Hagi
45%
Gerd Müller
43%
Kevin Keegan
39%
Mario Kempes
38%
Roger Milla
33%
Gordon Strachan
32%
Bebeto
19%
Zbigniew Boniek
13%
Hugo Sanchez
8%
Oleg Blochin
7%
Teofilo Cubillas
6%

Score Distribution

Percentile by Number Answered

Percent of People with Each Score

Your Score History

You have not taken this quiz